000 00952nab a2200337Ia 4500
001 10558
008 191123s9999 xx 000 0 und d
022 _a0327-330X
041 _aspa
044 _aag
245 0 _aRevista de Arquitectura
260 _aBuenos Aires :
_b[s.n.],
_c2012.
300 _app. 94-111
_bilustrado
500 _aNúmero especial dedicado a los concursos de proyectos.
650 _aARCHIVO GENERAL DE LA NACION. BUENOS AIRES. ARGENTINA
650 _aARQUITECTURA
650 _aCONCURSOS
650 _aEDIFICIOS PUBLICOS
710 _aSocieda Central de Arquitectos
902 _aS
903 _aa
904 _aas
907 _aimpreso
911 _ailustrado
912 _a2012
920 _an. 247
942 _cANALITICA
999 _c8235
_d8235
490 0 _aConcurso Nacional de Anteproyectos para la construcción del nuevo edificio destinado al Archivo General de la Nación
550 _ailustrado